000
00376nam a22001217a 4500
003
SGT
082
_a
200
_b
G18R
100
_a
राय, चंद्रप्रकाश
245
_a
ग्रामोदय :चिंतन और आयाम
260
_b
पं. दीनदयाल उपाधयाय स्मारक
_c
2018
300
_a
153
942
_2
ddc
_c
BK
999
_c
31795
_d
31795